00923cam a2200265 a 450000100060000000300100000600500170001600700030003300800410003602000330007704000260011008200160013608400100015210000230016224501480018525000180033330000530035133600270040433700330043133800280046465000520049265000360054470000350058070000420061558332CO-BoRNBP20250821203540.0ta170705s2016 ck a gr 000 j spa  a9789588889962 (obra impresa) aCO-BoBNbspacCO-BoBN04aCo863.5223 aC OVI1 aOviedo, Luz Helena10aRamiro y el chigüiro /ctextos de Luz Helena Oviedo, con ilustraciones de Jessica Portillo y dirección de arte de Mauricio Ramírez Castro a1a. edición a[12] p. :bprincipalmente il. col. ;c19 x 25 cm 2rdacontentatextobtxt 2rdamediaasin mediaciónbn 2rdacarrieravolumenbnc14aCuentos infantiles colombianosySiglo XXI2LEMB24aAnimales en la literatura2LEMB1 aPortillo, Jessica,eilustrador1 aRamírez Castro, Mauricio,edirector